[Event "eytcc"]
[Site "?"]
[Date "2017.08.20"]
[Round "4.15"]
[White "Roshka, Yevgeniy"]
[Black "Zlatin, Alexander"]
[Result "1-0"]
[BlackElo "2149"]
[WhiteElo "2356"]
[LiveChessVersion "1.4.4"]

1. e4 {[%clk 1:30:58]} c5 {[%clk 1:30:36]} 2. Nf3 {[%clk 1:30:13]} Nc6
{[%clk 1:28:55]} 3. d3 {[%clk 1:29:38]} g6 {[%clk 1:28:26]} 4. g3
{[%clk 1:30:01]} Bg7 {[%clk 1:28:49]} 5. Bg2 {[%clk 1:30:27]} Nf6
{[%clk 1:23:50]} 6. O-O {[%clk 1:30:29]} O-O {[%clk 1:22:42]} 7. Re1
{[%clk 1:28:21]} d6 {[%clk 1:22:36]} 8. c3 {[%clk 1:28:01]} b5 {[%clk 1:03:01]}
9. d4 {[%clk 1:04:27]} Bg4 {[%clk 0:42:15]} 10. h3 {[%clk 0:57:03]} Bxf3
{[%clk 0:37:49]} 11. Bxf3 {[%clk 0:57:09]} Rc8 {[%clk 0:23:05]} 12. Be3
{[%clk 0:52:36]} Nd7 {[%clk 0:22:04]} 13. Bg4 {[%clk 0:47:11]} h5
{[%clk 0:20:47]} 14. Be2 {[%clk 0:36:10]} b4 {[%clk 0:16:34]} 15. d5
{[%clk 0:34:56]} bxc3 {[%clk 0:16:02]} 16. bxc3 {[%clk 0:35:04]} Ncb8
{[%clk 0:16:07]} 17. Qa4 {[%clk 0:31:27]} Qc7 {[%clk 0:15:53]} 18. Qa3
{[%clk 0:31:00]} Nb6 {[%clk 0:15:07]} 19. Nd2 {[%clk 0:28:43]} Qd7
{[%clk 0:11:41]} 20. Kg2 {[%clk 0:28:48]} Rc7 {[%clk 0:10:55]} 21. Rab1
{[%clk 0:24:59]} Qa4 {[%clk 0:09:59]} 22. Rb3 {[%clk 0:24:40]} Qxa3
{[%clk 0:09:42]} 23. Rxa3 {[%clk 0:25:03]} Kh7 {[%clk 0:09:29]} 24. Rc1
{[%clk 0:20:41]} Rfc8 {[%clk 0:08:54]} 25. f4 {[%clk 0:16:04]} Rd8
{[%clk 0:09:15]} 26. Rb3 {[%clk 0:16:19]} N8d7 {[%clk 0:09:03]} 27. Kf3
{[%clk 0:15:17]} Kg8 {[%clk 0:08:49]} 28. Bb5 {[%clk 0:15:05]} Nb8
{[%clk 0:07:56]} 29. Nc4 {[%clk 0:11:35]} Nxc4 {[%clk 0:06:16]} 30. Bxc4
{[%clk 0:12:04]} Nd7 {[%clk 0:06:25]} 31. a4 {[%clk 0:10:51]} Rb8
{[%clk 0:06:00]} 32. Rxb8+ {[%clk 0:10:34]} Nxb8 {[%clk 0:06:29]} 33. Rb1
{[%clk 0:11:03]} Nd7 {[%clk 0:06:41]} 34. Bd2 {[%clk 0:11:14]} Nb6
{[%clk 0:06:01]} 35. Bb5 {[%clk 0:11:37]} a6 {[%clk 0:04:10]} 36. Bc6
{[%clk 0:11:43]} Nc4 {[%clk 0:04:36]} 37. Be1 {[%clk 0:11:55]} Ra7
{[%clk 0:02:53]} 38. Rb8+ {[%clk 0:12:00]} Kh7 {[%clk 0:03:22]} 39. Ke2
{[%clk 0:10:41]} Na5 {[%clk 0:03:25]} 40. Kd3 {[%clk 0:39:26]} c4+
{[%clk 0:32:48]} 41. Kc2 {[%clk 0:39:47]} Nb3 {[%clk 0:29:02]} 42. Bf2
{[%clk 0:39:41]} Nc5 {[%clk 0:29:26]} 43. e5 {[%clk 0:38:56]} Rc7
{[%clk 0:28:19]} 44. Bxc5 {[%clk 0:38:15]} dxc5 {[%clk 0:28:48]} 45. Be8
{[%clk 0:38:39]} h4 {[%clk 0:27:15]} 46. g4 {[%clk 0:38:44]} g5 {[%clk 0:23:40]}
47. d6 {[%clk 0:38:45]} exd6 {[%clk 0:24:08]} 48. exd6 {[%clk 0:39:11]} Ra7
{[%clk 0:24:33]} 49. d7 {[%clk 0:39:03]} Bf6 {[%clk 0:25:02]} 50. fxg5
{[%clk 0:37:47]} Bxg5 {[%clk 0:25:30]} 51. d8=Q {[%clk 0:37:58]} Bxd8
{[%clk 0:25:57]} 52. Rxd8 {[%clk 0:38:21]} Re7 {[%clk 0:26:10]} 53. Kd2
{[%clk 0:38:29]} Rb7 {[%clk 0:26:39]} 54. Bd7 {[%clk 0:36:54]} Rb2+
{[%clk 0:26:18]} 55. Ke3 {[%clk 0:37:07]} Rg2 {[%clk 0:26:41]} 56. Bf5+
{[%clk 0:33:58]} Kg7 {[%clk 0:27:10]} 57. Kf4 {[%clk 0:32:58]} Rg3
{[%clk 0:25:06]} 58. g5 {[%clk 0:32:56]} Rxc3 {[%clk 0:25:30]} 59. Rd7
{[%clk 0:32:57]} Kf8 {[%clk 0:24:25]} 60. Ke5 {[%clk 0:33:05]} Rb3
{[%clk 0:22:00]} 61. Rc7 {[%clk 0:33:05]} Rb4 {[%clk 0:19:44]} 62. Rxc5
{[%clk 0:33:19]} Kg7 {[%clk 0:20:09]} 63. Rc7 {[%clk 0:33:42]} Rxa4
{[%clk 0:20:20]} 64. g6 {[%clk 0:33:58]} Ra5+ {[%clk 0:20:49]} 1-0

[Event "eytcc"]
[Site "?"]
[Date "2017.08.20"]
[Round "4.16"]
[White "Gorodetzky, Matan"]
[Black "Yurovskich, Oleksandr"]
[Result "1-0"]
[BlackElo "2231"]
[WhiteElo "1980"]
[LiveChessVersion "1.4.4"]

1. e4 {[%clk 1:30:33]} g6 {[%clk 1:30:31]} 2. d4 {[%clk 1:30:45]} Bg7
{[%clk 1:30:56]} 3. Nc3 {[%clk 1:30:15]} a6 {[%clk 1:30:20]} 4. a4
{[%clk 1:30:28]} b6 {[%clk 1:30:20]} 5. Nf3 {[%clk 1:30:16]} d6 {[%clk 1:30:40]}
6. h3 {[%clk 1:27:29]} Bb7 {[%clk 1:30:44]} 7. Be3 {[%clk 1:26:14]} Nd7
{[%clk 1:31:06]} 8. Bc4 {[%clk 1:25:06]} e6 {[%clk 1:31:28]} 9. O-O
{[%clk 1:24:25]} Ne7 {[%clk 1:28:26]} 10. d5 {[%clk 1:20:22]} e5 {[%clk 1:28:42]}
11. Qd2 {[%clk 1:18:56]} O-O {[%clk 1:28:25]} 12. Ne1 {[%clk 1:12:00]} f5
{[%clk 1:19:05]} 13. f3 {[%clk 1:12:00]} f4 {[%clk 1:18:50]} 14. Bf2
{[%clk 1:12:25]} a5 {[%clk 1:17:18]} 15. Bb5 {[%clk 1:08:50]} Nf6
{[%clk 1:16:42]} 16. Nd3 {[%clk 1:07:04]} g5 {[%clk 1:16:54]} 17. Ne2
{[%clk 1:03:28]} Ng6 {[%clk 1:15:20]} 18. b4 {[%clk 0:53:47]} h5 {[%clk 1:13:23]}
19. g4 {[%clk 0:44:59]} fxg3 {[%clk 1:13:28]} 20. Nxg3 {[%clk 0:44:09]} h4
{[%clk 0:44:13]} 21. Nf5 {[%clk 0:41:35]} Nh5 {[%clk 0:43:49]} 22. Be3
{[%clk 0:33:55]} Ngf4 {[%clk 0:43:45]} 23. Kh2 {[%clk 0:29:15]} Kf7
{[%clk 0:28:05]} 24. Rg1 {[%clk 0:25:46]} Rh8 {[%clk 0:27:18]} 25. Nf2
{[%clk 0:13:38]} Bf6 {[%clk 0:23:17]} 26. c4 {[%clk 0:11:30]} axb4
{[%clk 0:15:39]} 27. Qxb4 {[%clk 0:09:55]} Ne2 {[%clk 0:12:34]} 28. Rg2
{[%clk 0:09:12]} Nd4 {[%clk 0:09:35]} 29. Bxd4 {[%clk 0:06:23]} exd4
{[%clk 0:10:00]} 30. Nd3 {[%clk 0:06:47]} Bc8 {[%clk 0:09:01]} 31. Re1
{[%clk 0:04:00]} Bxf5 {[%clk 0:05:29]} 32. exf5 {[%clk 0:04:30]} Ng7
{[%clk 0:03:22]} 33. Qb1 {[%clk 0:02:09]} Nxf5 {[%clk 0:02:26]} 34. Nf4
{[%clk 0:02:18]} Be5 {[%clk 0:01:20]} 35. Rxe5 {[%clk 0:02:13]} dxe5
{[%clk 0:01:39]} 36. Qxf5+ {[%clk 0:02:37]} Qf6 {[%clk 0:02:03]} 37. Qd7+
{[%clk 0:02:01]} Kg8 {[%clk 0:02:00]} 38. Ne6 {[%clk 0:01:20]} Rh7
{[%clk 0:02:17]} 39. Qc6 {[%clk 0:00:55]} Rf8 {[%clk 0:01:32]} 40. Nxf8
{[%clk 0:30:49]} Qf4+ {[%clk 0:30:38]} 41. Kh1 {[%clk 0:30:16]} Kxf8
{[%clk 0:28:35]} 42. Qe8+ {[%clk 0:23:56]} Kg7 {[%clk 0:29:00]} 43. Qd7+
{[%clk 0:24:18]} Kg6 {[%clk 0:27:23]} 44. Qe6+ {[%clk 0:24:35]} Kg7 45. Qg4
{[%clk 0:22:37]} Qxg4 {[%clk 0:24:11]} 46. hxg4 {[%clk 0:21:25]} e4
{[%clk 0:20:38]} 47. Rd2 {[%clk 0:15:24]} Kf6 {[%clk 0:13:41]} 48. Rxd4
{[%clk 0:15:30]} e3 {[%clk 0:14:07]} 49. Re4 {[%clk 0:13:43]} Re7
{[%clk 0:14:32]} 50. c5 {[%clk 0:13:04]} Re5 {[%clk 0:14:43]} 51. Rxe5
{[%clk 0:13:22]} Kxe5 {[%clk 0:15:08]} 52. d6 {[%clk 0:13:47]} 1-0

[Event "eytcc"]
[Site "?"]
[Date "2017.08.20"]
[Round "4.17"]
[White "Winiarski, Mikolaj"]
[Black "Morozov, Nichita"]
[Result "0-1"]
[BlackElo "2458"]
[WhiteElo "2269"]
[LiveChessVersion "1.4.4"]

1. e4 {[%clk 1:30:39]} g6 {[%clk 1:27:17]} 2. d4 {[%clk 1:31:05]} Bg7
{[%clk 1:27:37]} 3. Nc3 {[%clk 1:31:31]} d6 {[%clk 1:28:02]} 4. Be3
{[%clk 1:30:25]} a6 {[%clk 1:28:22]} 5. Qd2 {[%clk 1:26:03]} b5 {[%clk 1:28:34]}
6. f3 {[%clk 1:26:21]} Nd7 {[%clk 1:27:20]} 7. g4 {[%clk 1:25:06]} Bb7
{[%clk 1:16:49]} 8. O-O-O {[%clk 1:16:24]} c6 {[%clk 1:08:54]} 9. h4
{[%clk 1:14:38]} h5 {[%clk 1:09:16]} 10. gxh5 {[%clk 1:11:50]} Rxh5
{[%clk 1:09:39]} 11. Nce2 {[%clk 1:11:37]} Ngf6 {[%clk 1:07:06]} 12. Ng3
{[%clk 1:08:07]} Rh8 {[%clk 1:00:55]} 13. f4 {[%clk 0:48:38]} Ng4
{[%clk 0:58:53]} 14. Nf3 {[%clk 0:42:20]} Nxe3 {[%clk 0:58:41]} 15. Qxe3
{[%clk 0:42:45]} Qa5 {[%clk 0:59:06]} 16. Kb1 {[%clk 0:41:38]} c5
{[%clk 0:52:30]} 17. Bh3 {[%clk 0:27:58]} Nb6 {[%clk 0:50:53]} 18. h5
{[%clk 0:21:16]} cxd4 {[%clk 0:48:14]} 19. Qb3 {[%clk 0:20:25]} Qa4
{[%clk 0:46:48]} 20. hxg6 {[%clk 0:20:28]} Qxb3 {[%clk 0:47:14]} 21. axb3
{[%clk 0:20:15]} fxg6 {[%clk 0:47:18]} 22. Nxd4 {[%clk 0:19:36]} Bxd4
{[%clk 0:46:18]} 23. Rxd4 {[%clk 0:20:02]} Kf7 {[%clk 0:46:23]} 24. Rd2
{[%clk 0:18:40]} Raf8 {[%clk 0:42:53]} 25. Rdh2 {[%clk 0:17:20]} Kg7
{[%clk 0:43:16]} 26. f5 {[%clk 0:17:45]} g5 {[%clk 0:42:12]} 27. Bg4
{[%clk 0:13:29]} Rxh2 {[%clk 0:42:07]} 28. Rxh2 {[%clk 0:13:56]} Nd7
{[%clk 0:41:40]} 29. Rh5 {[%clk 0:11:13]} Ne5 {[%clk 0:41:56]} 30. Be2
{[%clk 0:11:40]} Rh8 {[%clk 0:38:22]} 31. Rxh8 {[%clk 0:11:00]} Kxh8
{[%clk 0:38:48]} 32. Kc1 {[%clk 0:11:23]} b4 {[%clk 0:38:24]} 33. Kd2
{[%clk 0:11:35]} Kg7 {[%clk 0:36:02]} 34. Ke3 {[%clk 0:11:57]} Kf8
{[%clk 0:32:00]} 35. Nh1 {[%clk 0:10:03]} a5 {[%clk 0:31:12]} 36. Nf2
{[%clk 0:10:24]} Kf7 {[%clk 0:31:06]} 37. Nh1 {[%clk 0:09:13]} Kf6
{[%clk 0:29:19]} 38. Nf2 {[%clk 0:09:27]} Bc6 {[%clk 0:26:54]} 39. Kd4
{[%clk 0:04:16]} Be8 {[%clk 0:25:37]} 40. Ke3 {[%clk 0:33:31]} Bf7
{[%clk 0:55:55]} 41. Kd4 {[%clk 0:32:14]} Kg7 {[%clk 0:53:12]} 42. Nh1
{[%clk 0:32:08]} Kh6 {[%clk 0:53:02]} 43. Ng3 {[%clk 0:29:40]} g4
{[%clk 0:52:58]} 44. Ke3 {[%clk 0:30:06]} Kg5 {[%clk 0:53:25]} 45. Bf1
{[%clk 0:29:33]} Be8 {[%clk 0:51:55]} 46. Be2 {[%clk 0:29:17]} Bc6
{[%clk 0:51:54]} 47. Bf1 {[%clk 0:29:23]} Nd7 {[%clk 0:47:54]} 48. Bc4
{[%clk 0:28:31]} Nf6 {[%clk 0:45:20]} 49. Bf7 {[%clk 0:16:33]} Bb5
{[%clk 0:42:22]} 50. Bg6 {[%clk 0:15:11]} Ba6 {[%clk 0:41:08]} 51. Bf7
{[%clk 0:15:30]} Bb7 {[%clk 0:41:33]} 52. Bg6 {[%clk 0:13:45]} Kh4
{[%clk 0:41:56]} 53. Kf4 {[%clk 0:13:52]} Bxe4 {[%clk 0:42:20]} 54. Nxe4
{[%clk 0:13:36]} Nd5# {[%clk 0:42:45]} 0-1

[Event "eytcc"]
[Site "?"]
[Date "2017.08.20"]
[Round "4.18"]
[White "Macovei, Andrei"]
[Black "Chylewski, Patryk"]
[Result "1-0"]
[BlackElo "2241"]
[WhiteElo "2370"]
[LiveChessVersion "1.4.4"]

1. e4 {[%clk 1:30:58]} c5 {[%clk 1:30:50]} 2. Nf3 {[%clk 1:31:25]} d6
{[%clk 1:31:09]} 3. d4 {[%clk 1:31:48]} cxd4 4. Nxd4 {[%clk 1:32:16]} Nf6
{[%clk 1:31:53]} 5. Nc3 {[%clk 1:32:39]} a6 {[%clk 1:32:15]} 6. f3
{[%clk 1:32:22]} e5 {[%clk 1:31:42]} 7. Nb3 {[%clk 1:32:48]} Be6 {[%clk 1:31:31]}
8. Be3 {[%clk 1:33:11]} h5 {[%clk 1:31:10]} 9. Nd5 {[%clk 1:31:05]} Bxd5
{[%clk 1:31:27]} 10. exd5 {[%clk 1:31:33]} Nbd7 {[%clk 1:31:27]} 11. Qd2
{[%clk 1:30:39]} g6 {[%clk 1:31:13]} 12. Be2 {[%clk 1:26:56]} Bg7
{[%clk 1:31:25]} 13. O-O-O {[%clk 1:24:57]} Qc7 {[%clk 1:25:43]} 14. Kb1
{[%clk 1:21:28]} Rc8 {[%clk 1:21:11]} 15. Rc1 {[%clk 1:06:57]} O-O
{[%clk 1:16:14]} 16. g4 {[%clk 1:01:26]} Rfe8 {[%clk 1:12:19]} 17. g5
{[%clk 0:49:13]} Nh7 {[%clk 1:12:30]} 18. h4 {[%clk 0:48:19]} Nhf8
{[%clk 1:09:58]} 19. Rhd1 {[%clk 0:39:37]} Kh7 {[%clk 0:59:40]} 20. Qb4
{[%clk 0:38:07]} Nc5 {[%clk 0:55:24]} 21. Nxc5 {[%clk 0:31:23]} dxc5
{[%clk 0:55:46]} 22. Qb3 {[%clk 0:31:16]} b5 {[%clk 0:51:42]} 23. d6
{[%clk 0:27:49]} Qd7 {[%clk 0:50:31]} 24. Qa3 {[%clk 0:27:54]} c4
{[%clk 0:48:05]} 25. Rd5 {[%clk 0:21:50]} Rc6 {[%clk 0:44:32]} 26. Bf1
{[%clk 0:17:26]} Rb8 {[%clk 0:35:47]} 27. f4 {[%clk 0:13:22]} Qe6
{[%clk 0:28:03]} 28. Rcd1 {[%clk 0:12:21]} Nd7 {[%clk 0:25:58]} 29. Ba7
{[%clk 0:11:27]} Rb7 {[%clk 0:24:14]} 30. Bh3 {[%clk 0:11:19]} Qe8
{[%clk 0:24:32]} 31. Be3 {[%clk 0:11:21]} exf4 {[%clk 0:17:54]} 32. Bxf4
{[%clk 0:11:37]} b4 {[%clk 0:17:54]} 33. Qe3 {[%clk 0:10:14]} Qxe3
{[%clk 0:12:31]} 34. Bxe3 {[%clk 0:10:43]} b3 {[%clk 0:12:20]} 35. c3
{[%clk 0:09:54]} bxa2+ {[%clk 0:12:44]} 36. Kxa2 {[%clk 0:10:14]} f5
{[%clk 0:11:43]} 37. gxf6 {[%clk 0:10:20]} Bxf6 {[%clk 0:12:01]} 38. Bg5
{[%clk 0:04:22]} Rcb6 {[%clk 0:10:11]} 39. R1d2 {[%clk 0:03:29]} Bg7
{[%clk 0:10:35]} 40. Bd8 {[%clk 0:31:55]} Rb3 {[%clk 0:33:03]} 41. Bc7
{[%clk 0:29:51]} Nf6 {[%clk 0:29:27]} 42. R5d4 {[%clk 0:29:25]} Bh6
{[%clk 0:29:14]} 43. Rc2 {[%clk 0:22:15]} Bc1 {[%clk 0:26:10]} 44. Rxc4
{[%clk 0:22:24]} Bxb2 {[%clk 0:22:53]} 45. Rb4 {[%clk 0:17:24]} R7xb4
{[%clk 0:22:43]} 46. cxb4 {[%clk 0:17:48]} Rxh3 {[%clk 0:23:01]} 47. Kxb2
{[%clk 0:18:14]} Rd3 {[%clk 0:16:57]} 48. Re2 {[%clk 0:15:58]} g5
{[%clk 0:05:35]} 49. hxg5 {[%clk 0:15:43]} Nd5 {[%clk 0:05:58]} 50. Re4
{[%clk 0:15:19]} Kg6 {[%clk 0:03:20]} 51. Kc2 {[%clk 0:13:12]} Rc3+
{[%clk 0:03:21]} 52. Kd2 {[%clk 0:13:38]} Rxc7 {[%clk 0:01:29]} 53. dxc7
{[%clk 0:14:04]} Nxc7 {[%clk 0:01:54]} 54. Re5 {[%clk 0:14:30]} h4
{[%clk 0:02:00]} 55. Ke3 {[%clk 0:14:48]} Nb5 {[%clk 0:02:22]} 56. Kf4
{[%clk 0:14:51]} Nd4 {[%clk 0:02:47]} 57. Ra5 {[%clk 0:14:08]} 1-0

[Event "eytcc"]
[Site "?"]
[Date "2017.08.20"]
[Round "4.19"]
[White "Kokoszczynski, Jan"]
[Black "Schitco, Ivan"]
[Result "1/2-1/2"]
[BlackElo "2315"]
[WhiteElo "2126"]
[LiveChessVersion "1.4.4"]

1. e4 {[%clk 1:30:57]} c6 {[%clk 1:30:54]} 2. d4 {[%clk 1:31:20]} d5
{[%clk 1:31:14]} 3. Nc3 {[%clk 1:31:35]} dxe4 {[%clk 1:31:33]} 4. Nxe4
{[%clk 1:31:49]} Bf5 {[%clk 1:31:53]} 5. Ng3 {[%clk 1:31:54]} Bg6
{[%clk 1:32:06]} 6. h4 {[%clk 1:32:12]} h6 {[%clk 1:32:20]} 7. Nf3
{[%clk 1:32:37]} Nd7 {[%clk 1:32:23]} 8. h5 {[%clk 1:32:34]} Bh7 {[%clk 1:32:45]}
9. Bd3 {[%clk 1:32:55]} Bxd3 {[%clk 1:32:49]} 10. Qxd3 {[%clk 1:33:17]} e6
{[%clk 1:33:00]} 11. Bd2 {[%clk 1:33:27]} Ngf6 {[%clk 1:33:04]} 12. O-O-O
{[%clk 1:33:43]} Be7 {[%clk 1:33:08]} 13. Kb1 {[%clk 1:33:58]} O-O
{[%clk 1:32:58]} 14. Ne4 {[%clk 1:34:06]} Nxe4 {[%clk 1:33:05]} 15. Qxe4
{[%clk 1:34:28]} Nf6 {[%clk 1:33:18]} 16. Qe2 {[%clk 1:34:52]} Qd5
{[%clk 1:33:23]} 17. Be3 {[%clk 1:35:15]} Qb5 {[%clk 1:33:47]} 18. Rd3
{[%clk 1:34:40]} Nd5 {[%clk 1:15:59]} 19. Bd2 {[%clk 1:16:07]} Bb4
{[%clk 0:57:25]} 20. Ka1 {[%clk 1:04:03]} Bxd2 {[%clk 0:54:03]} 21. Qxd2
{[%clk 1:03:48]} c5 {[%clk 0:41:24]} 22. Rb3 {[%clk 0:52:59]} Qc6
{[%clk 0:38:08]} 23. Ne5 {[%clk 0:48:24]} Qc7 {[%clk 0:35:16]} 24. Rg3
{[%clk 0:43:18]} Kh7 {[%clk 0:27:21]} 25. c4 {[%clk 0:38:11]} Nf6
{[%clk 0:23:55]} 26. Qd3+ {[%clk 0:38:15]} Kh8 {[%clk 0:22:18]} 27. Ng4
{[%clk 0:35:27]} Qf4 {[%clk 0:17:19]} 28. Nxf6 {[%clk 0:24:52]} Qxf6
{[%clk 0:17:42]} 29. d5 {[%clk 0:25:13]} exd5 {[%clk 0:11:21]} 30. cxd5
{[%clk 0:24:48]} Rad8 {[%clk 0:11:16]} 31. Rd1 {[%clk 0:21:00]} Qxf2
{[%clk 0:07:43]} 32. d6 {[%clk 0:20:39]} c4 {[%clk 0:06:58]} 33. Qc3
{[%clk 0:21:06]} f6 {[%clk 0:07:07]} 34. Re3 {[%clk 0:20:58]} Qxg2
{[%clk 0:05:10]} 35. Re7 {[%clk 0:18:39]} Qg4 {[%clk 0:04:17]} 36. Rd4
{[%clk 0:17:42]} Qxh5 {[%clk 0:03:45]} 37. a3 {[%clk 0:15:30]} b5
{[%clk 0:02:08]} 38. d7 {[%clk 0:13:50]} Qc5 {[%clk 0:01:03]} 39. Qe3
{[%clk 0:13:10]} Qg5 {[%clk 0:00:41]} 40. Qe4 {[%clk 0:41:48]} Qc1+
{[%clk 0:30:35]} 41. Ka2 {[%clk 0:42:14]} c3 {[%clk 0:23:42]} 42. bxc3
{[%clk 0:40:27]} f5 {[%clk 0:15:50]} 43. Qe5 {[%clk 0:20:54]} Qc2+
{[%clk 0:14:42]} 44. Ka1 {[%clk 0:21:21]} Qc1+ {[%clk 0:14:13]} 45. Ka2
{[%clk 0:21:42]} Qc2+ {[%clk 0:14:42]} 46. Ka1 {[%clk 0:22:09]} Qc1+
{[%clk 0:11:31]} 1/2-1/2

[Event "eytcc"]
[Site "?"]
[Date "2017.08.20"]
[Round "4.20"]
[White "Martinovici, Ilie"]
[Black "Sanz Wawer, Daniel"]
[Result "1-0"]
[BlackElo "1972"]
[WhiteElo "2059"]
[LiveChessVersion "1.4.4"]

1. d4 {[%clk 1:30:53]} d5 {[%clk 1:30:52]} 2. c4 {[%clk 1:31:20]} c6
{[%clk 1:31:13]} 3. Nf3 {[%clk 1:31:27]} Nf6 {[%clk 1:31:32]} 4. Qc2
{[%clk 1:31:54]} e6 {[%clk 1:31:25]} 5. Bg5 {[%clk 1:32:17]} Nbd7
{[%clk 1:30:50]} 6. cxd5 {[%clk 1:32:20]} cxd5 {[%clk 1:26:00]} 7. Nc3
{[%clk 1:32:04]} Qa5 {[%clk 1:20:27]} 8. e3 {[%clk 1:28:43]} Ne4 {[%clk 1:14:17]}
9. Bd3 {[%clk 1:29:06]} Nxg5 {[%clk 1:10:54]} 10. Nxg5 {[%clk 1:29:31]} h6
{[%clk 1:10:09]} 11. Nf3 {[%clk 1:29:31]} Be7 {[%clk 1:04:47]} 12. O-O
{[%clk 1:28:41]} a6 {[%clk 1:02:33]} 13. a3 {[%clk 1:27:57]} O-O {[%clk 1:02:40]}
14. b4 {[%clk 1:27:30]} Qd8 {[%clk 1:02:38]} 15. Na4 {[%clk 1:26:30]} b5
{[%clk 0:48:53]} 16. Nc5 {[%clk 1:26:01]} Bxc5 {[%clk 0:46:54]} 17. dxc5
{[%clk 1:17:20]} Qc7 {[%clk 0:42:56]} 18. a4 {[%clk 1:16:51]} bxa4
{[%clk 0:39:25]} 19. Rxa4 {[%clk 1:17:10]} Bb7 {[%clk 0:32:39]} 20. Rfa1
{[%clk 1:16:09]} Rfb8 {[%clk 0:29:00]} 21. Qd2 {[%clk 1:10:15]} e5
{[%clk 0:18:51]} 22. Bxa6 {[%clk 1:05:53]} Bxa6 {[%clk 0:19:08]} 23. Rxa6
{[%clk 1:04:46]} Rxa6 {[%clk 0:19:24]} 24. Rxa6 {[%clk 1:05:11]} e4
{[%clk 0:18:08]} 25. Ne1 {[%clk 1:03:46]} Ne5 {[%clk 0:14:19]} 26. h3
{[%clk 0:56:56]} Qd7 {[%clk 0:11:55]} 27. Rd6 {[%clk 0:55:44]} Qa4
{[%clk 0:10:29]} 28. Qxd5 {[%clk 0:44:20]} Qxb4 {[%clk 0:09:30]} 29. Qxe5
{[%clk 0:44:24]} Qxe1+ {[%clk 0:09:58]} 30. Kh2 {[%clk 0:44:48]} Rf8
{[%clk 0:05:35]} 31. Qf5 {[%clk 0:42:31]} Qa5 {[%clk 0:04:57]} 32. Rc6
{[%clk 0:42:35]} Qa8 {[%clk 0:04:02]} 33. Qxe4 {[%clk 0:41:24]} 1-0

[Event "eytcc"]
[Site "?"]
[Date "2017.08.20"]
[Round "4.21"]
[White "Thybo, Jesper Sondergaard"]
[Black "Murphy, Conor E"]
[Result "1-0"]
[BlackElo "2164"]
[WhiteElo "2464"]
[LiveChessVersion "1.4.4"]

1. d4 {[%clk 1:30:56]} Nf6 {[%clk 1:30:25]} 2. Nf3 {[%clk 1:30:43]} d5
{[%clk 1:30:41]} 3. c4 {[%clk 1:31:04]} e6 {[%clk 1:31:05]} 4. g3
{[%clk 1:31:04]} Be7 {[%clk 1:31:04]} 5. Bg2 {[%clk 1:31:29]} O-O
{[%clk 1:31:23]} 6. O-O {[%clk 1:31:56]} dxc4 {[%clk 1:31:32]} 7. Ne5
{[%clk 1:31:53]} c5 {[%clk 1:31:32]} 8. dxc5 {[%clk 1:31:47]} Qc7
{[%clk 1:31:40]} 9. c6 {[%clk 1:29:30]} Nxc6 {[%clk 1:24:21]} 10. Nxc6
{[%clk 1:29:47]} bxc6 {[%clk 1:24:45]} 11. Qa4 {[%clk 1:29:53]} Bb7
{[%clk 1:22:38]} 12. Qxc4 {[%clk 1:29:49]} c5 {[%clk 1:22:34]} 13. e4
{[%clk 1:23:15]} Rfd8 {[%clk 1:19:02]} 14. Nc3 {[%clk 1:23:01]} Qb6
{[%clk 1:13:19]} 15. Re1 {[%clk 1:16:03]} Ng4 {[%clk 0:56:30]} 16. e5
{[%clk 1:08:04]} Rd4 {[%clk 0:44:59]} 17. Qe2 {[%clk 1:06:00]} Ba6
{[%clk 0:41:48]} 18. Qf3 {[%clk 1:03:56]} Rb8 {[%clk 0:40:15]} 19. Re4
{[%clk 0:57:47]} Rxe4 {[%clk 0:38:40]} 20. Qxe4 {[%clk 0:58:11]} Qb4
{[%clk 0:39:01]} 21. f4 {[%clk 0:52:27]} Qd4+ {[%clk 0:36:28]} 22. Qxd4
{[%clk 0:52:52]} cxd4 {[%clk 0:36:57]} 23. Ne4 {[%clk 0:53:12]} Ne3
{[%clk 0:34:31]} 24. Nd6 {[%clk 0:49:18]} Nc2 {[%clk 0:32:15]} 25. Rb1
{[%clk 0:49:39]} Na3 {[%clk 0:32:26]} 26. Ra1 {[%clk 0:50:03]} Nc2
{[%clk 0:32:53]} 27. Rb1 {[%clk 0:50:22]} Bxd6 {[%clk 0:30:45]} 28. exd6
{[%clk 0:50:43]} Rd8 {[%clk 0:31:07]} 29. b4 {[%clk 0:49:40]} Bb5
{[%clk 0:21:35]} 30. Rb2 {[%clk 0:45:38]} Ne1 {[%clk 0:16:21]} 31. Bf1
{[%clk 0:41:10]} d3 {[%clk 0:15:10]} 32. Kf2 {[%clk 0:39:16]} Nc2
{[%clk 0:14:35]} 33. a4 {[%clk 0:37:49]} Bc4 {[%clk 0:13:45]} 34. b5
{[%clk 0:36:16]} Rxd6 {[%clk 0:14:03]} 35. Bd2 {[%clk 0:36:35]} Nd4
{[%clk 0:13:32]} 36. Rb4 {[%clk 0:36:37]} Ba2 {[%clk 0:09:45]} 37. Bxd3
{[%clk 0:30:27]} Nc2 {[%clk 0:04:13]} 38. Rb2 {[%clk 0:30:24]} Bb1
{[%clk 0:04:20]} 39. Bxc2 {[%clk 0:22:47]} Rxd2+ {[%clk 0:04:44]} 40. Ke3
{[%clk 0:53:13]} Rxc2 {[%clk 0:34:06]} 41. Rxb1 {[%clk 0:53:39]} Ra2
{[%clk 0:33:46]} 42. Rb4 {[%clk 0:47:49]} Kf8 {[%clk 0:32:47]} 43. Kd4
{[%clk 0:44:20]} Ke7 {[%clk 0:31:21]} 44. Kc5 {[%clk 0:44:36]} Kd7
{[%clk 0:21:52]} 45. b6 {[%clk 0:44:19]} Rc2+ {[%clk 0:22:02]} 46. Kb5
{[%clk 0:44:30]} axb6 {[%clk 0:22:26]} 47. Kxb6 {[%clk 0:44:54]} Rc6+
{[%clk 0:22:46]} 48. Kb5 {[%clk 0:44:19]} Rd6 {[%clk 0:11:55]} 49. Rc4
{[%clk 0:43:34]} Rd5+ {[%clk 0:08:38]} 50. Kb6 {[%clk 0:43:34]} Rd6+
{[%clk 0:09:03]} 51. Kb7 {[%clk 0:43:30]} Rd5 {[%clk 0:09:29]} 52. Rc7+
{[%clk 0:43:18]} Ke8 {[%clk 0:09:47]} 53. Kb6 {[%clk 0:43:03]} Rd6+
{[%clk 0:09:01]} 54. Rc6 {[%clk 0:43:00]} Rd2 {[%clk 0:09:11]} 55. a5
{[%clk 0:43:04]} Rb2+ {[%clk 0:09:26]} 56. Kc7 {[%clk 0:43:13]} Rxh2
{[%clk 0:09:02]} 57. a6 {[%clk 0:43:37]} Ra2 {[%clk 0:09:28]} 58. Kb7
{[%clk 0:43:59]} Rb2+ {[%clk 0:09:19]} 59. Rb6 {[%clk 0:44:24]} Ra2
{[%clk 0:05:31]} 60. a7 {[%clk 0:44:49]} Rxa7+ {[%clk 0:05:55]} 61. Kxa7
{[%clk 0:45:15]} Ke7 {[%clk 0:06:13]} 62. Rb7+ {[%clk 0:45:20]} Kf6
{[%clk 0:06:13]} 63. Kb6 {[%clk 0:45:45]} g5 {[%clk 0:05:20]} 64. fxg5+
{[%clk 0:45:51]} Kxg5 {[%clk 0:05:45]} 65. Rxf7 {[%clk 0:46:17]} 1-0